000 01044nam a2200289 i 4500
003 EG-GICUC
005 20260408103609.0
008 260408s2002 ts ||||fr|||| 00| 0 ara d
040 _a EG-GICUC
_bara
_c EG-GICUC
_d EG-GICUC
_erda
082 0 4 _221
_a341.60581
_bش ر
092 0 4 _221
099 _aLaw1 11 341.60581 2002 ش ر
245 1 2 _aالشرق الأوسط وتأثيرات الحرب في أفغانستان /
_b
_cأكرم القصاص.
264 1 _aأبوظبي:
_bمركز زايد للتنسيق والمتابعة،
_c2002.
300 _a98صفحة
_bإيضاحيات، صور، مثيليات ؛
_c24 سم
336 _2rda content
_atext
337 _2rda media
_aComputer
338 _2rda carrier
_aOnline Resource
504 _a
546 _aالنص باللغة العربية
650 1 _aالقانون الدولي العام
_2
651 1 _2
700 _aأكرم القصاص
_eمعد.
856 4 0 _uhttps://fll.law.cu.edu.eg/fulltext/bks/B11-07718.pdf
905 _a50
942 _2ddc
_cBK
_e21
_n0
999 _c69587
_d69587